| 000 | 00736nam a22002057a 4500 | ||
|---|---|---|---|
| 999 |
_c11334 _d11334 |
||
| 003 | AR-CdUCM | ||
| 008 | 190403b ||||| |||| 00| 0 spa d | ||
| 040 |
_aMUNICIPALIDAD PROVINCIAL DEL CUSCO _cBIBLIOTECA MUNICIPAL DEL CUSCO |
||
| 082 |
_aEP / 809 / _bO69 |
||
| 100 |
_aOriol, Juana M _928651 |
||
| 245 | _aCuando las grandes fundadoras eran niñas / | ||
| 260 |
_aBarcelona : _bEditorial Cervantes, _c1960. |
||
| 300 |
_a135 paginas ; _bIlustraciones, _c24 cm. |
||
| 440 |
_aColección Olimpo _928634 |
||
| 505 | _aContenido : Santa clara de Asis --Santa Juana de Lestonach --Maria Ward --Manta Maria de Jesus ... | ||
| 650 |
_aEducación primaria _91561 |
||
| 650 |
_aFundadoras _928652 |
||
| 942 |
_2ddc _cLIBROS |
||
| 945 | _arjall | ||